Départements français commençant par la lettre L - Statistiques

Statistiques générales
  • Ce quiz a été pris 1 315 fois
  • Le résultat moyen est 8 sur 9
Statistiques - réponses
Numéro Région Département % Correct
42 Auvergne-Rhône-Alpes Loire
99%
45 Centre-Val-de-Loire Loiret
96%
44 Pays de la Loire Loire-Atlantique
91%
41 Centre-Val-de-Loire Loir-et-Cher
89%
40 Nouvelle-Aquitaine Landes
87%
46 Occitanie Lot
87%
48 Occitanie Lozère
87%
47 Nouvelle-Aquitaine Lot-et-Garonne
86%
974 La Réunion La Réunion
42%
Aucun quiz correspondant
Distribution des résultats
% des personnes avec chaque résultat
Percentile par nombre de réponses
Votre historique - résultats
Vous n’avez pas pris ce quiz